000 00739nam a2200289Ia 4500
005 20260324115827.0
008 008 260324s9999 xx 000 0 eng d
020 _a9781315369600
037 _aEBOOK
040 _aCRL
040 _beng
040 _cCRL
041 _2eng
041 _aeng
084 _qCRL
100 _aBrajesh Kumar Kaushik; Brijesh Kumar; Sanjay Prajapati; Poornima Mittal
_91156163
245 0 _aOrganic Thin-Film Transistor Applications
245 0 _bMaterials to Circuits
260 _bTaylor and Francis
260 _c2016
365 _a
365 _b305
856 _uhttp://www.taylorfrancis.com/books/9781315369600
942 _cEBOOK
999 _c1747321
_d1747321